| 000 | 01124nam a2200325 i 4500 | ||
|---|---|---|---|
| 003 | DO-SdBNP | ||
| 005 | 20250630104810.0 | ||
| 007 | ta | ||
| 008 | 231113b2007 sp ||||| |||| 00| f spa d | ||
| 020 | _a9788466318709 | ||
| 040 |
_aDO-SdBNP _bspa _cBNPHU _erda |
||
| 082 | 4 |
_aPe863.44 _bV297f 2007 _222 |
|
| 100 | 1 |
_aVargas Llosa, Mario, _d1936- _4aut. _eautor _912567 |
|
| 245 | 1 | 3 |
_aLa fiesta del Chivo / _cMario Vargas Llosa. |
| 250 | _aTercera edicion | ||
| 264 |
_aEspaña : _bLitografía Rosé, _c2007 |
||
| 300 |
_a526 páginas ; _c19 cm. |
||
| 336 |
_atexto _btxt _2rdacontent |
||
| 337 |
_asin mediación _bn _2rdamedia |
||
| 338 |
_avolumen _bnc _2rdacarrier |
||
| 490 | 0 |
_aPunto de Lectura ; _v4/5 |
|
| 590 | _aInventariado 2023 / MF | ||
| 600 | 1 | 0 |
_aTrujillo Molina, Rafael Leónidas, _d 1891-1961 _976764 |
| 650 | 4 |
_aNovela peruana _912569 |
|
| 650 | 4 |
_aLiteratura peruana _93140 |
|
| 651 | 0 |
_aREPÚBLICA DOMINICANA _xHISTORIA _yERA DE TRUJILLO, 1930-1961 _xNOVELA _921999 |
|
| 651 | 4 |
_aRepública Dominicana _xHistoria _y1961 _xNovela _930268 |
|
| 910 | _aValidado- Control de calidad MFF | ||
| 942 |
_2ddc _cLBS1 |
||
| 999 |
_c55476 _d55476 |
||